000 00547cam a2200205 4500
001 B1409
008 090401t1979 xxu||||| |||| 00| 0 eng d
035 _a(Sirsi) u44285
041 _aeng
050 _a333.33709424
110 _aElliott Son and Boyton
_92243
245 _aOffice survey of the West Midlands county. - Autumn 1979
260 _aBirmingham
_bElliott Son and Boyton
_c1979
300 _a(32)p. : ill. ; 21x30cm.
350 _a0
650 _aFLOORSPACE STATISTICS
650 _aOFFICES
942 _n0
948 _c04/03/1997
999 _c91477
_d91477